[Event "LIGA 2006"]
[Site "http://www.queenalice.com/game.php?id=401798"]
[Date "2008.5.12"]
[Round "4"]
[White "togoychess"]
[Black "merlos"]
[Result "1-0"]
[WhiteElo "2147"]
[BlackElo "1947"]

1. e4 e5 2. Nf3 Nc6 3. Nc3 Nf6 4. Bb5 Bb4 5. O-O O-O 6. Bxc6 Bxc3 7. bxc3 bxc6
8. Nxe5 Nxe4 9. Re1 Nf6 10. d4 Bb7 11. Bg5 d6 12. Ng4 Kh8 13. Qf3 Nxg4 14. Bxd8
Raxd8 15. Qxg4 c5 16. Re7 Bc8 17. Qf4 Rd7 18. Rxd7 Bxd7 19. dxc5 Ba4 20. Qxa4
1-0

[Event "Challenge"]
[Site "http://www.queenalice.com/game.php?id=411149"]
[Date "2008.5.31"]
[Round "-"]
[White "merlos"]
[Black "Donyelko"]
[Result "1-0"]
[WhiteElo "1939"]
[BlackElo "1931"]

1. d4 d5 2. Nf3 Nf6 3. Bg5 e6 4. e3 Be7 5. Nbd2 O-O 6. Bxf6 Bxf6 7. Bd3 Nc6 8.
O-O e5 9. dxe5 Nxe5 10. Nxe5 Bxe5 11. Qh5 Bxh2+ 12. Qxh2 g6 13. Nf3 c6 14. c4
Be6 15. cxd5 Bxd5 16. Be2 Re8 17. b3 Re4 18. Rad1 Qf6 19. Rd4 Rae8 20. Rfd1 Rxd4
21. Rxd4 Qf5 22. Qh6 Bxf3 23. Bxf3 Qe5 24. Qf4 Qa5 25. Rb4 Qxa2 26. Rxb7 Qa1+
27. Kh2 Rf8 28. Bxc6 Qa5 29. g3 Qh5+ 30. Kg2 Qc5 31. Qf3 a5 32. Bd5 1-0

[Event "Uragano"]
[Site "http://www.queenalice.com/game.php?id=438756"]
[Date "2008.7.25"]
[Round "4"]
[White "merlos"]
[Black "Uragano"]
[Result "1/2-1/2"]
[WhiteElo "1939"]
[BlackElo "1933"]

1. d4 d5 2. Nc3 Nf6 3. Bg5 Nbd7 4. e3 e6 5. Bb5 Be7 6. Nf3 O-O 7. O-O a6 8. Bxd7
Bxd7 9. Ne5 Ne8 10. Bf4 Nd6 11. Qg4 Nf5 12. a3 c5 13. Ne2 Bb5 14. c3 f6 15. a4
Bxe2 1/2-1/2

[Event "AUTO-ADV-727"]
[Site "http://www.queenalice.com/game.php?id=456951"]
[Date "2008.9.1"]
[Round "3"]
[White "SuperMouse"]
[Black "merlos"]
[Result "1-0"]
[WhiteElo "2193"]
[BlackElo "1955"]

1. d4 d5 2. c4 c6 3. Nf3 Nf6 4. Nc3 e6 5. e3 Bb4 6. Bd3 Bxc3+ 7. bxc3 O-O 8. Ba3
Re8 9. Qc2 Nbd7 10. cxd5 cxd5 11. Bd6 Qa5 12. O-O b6 13. Bb4 1-0

[Event "AUTO-ADV-727"]
[Site "http://www.queenalice.com/game.php?id=456952"]
[Date "2008.9.1"]
[Round "3"]
[White "merlos"]
[Black "SuperMouse"]
[Result "0-1"]
[WhiteElo "1949"]
[BlackElo "2198"]

1. e4 e5 2. Nf3 Nc6 3. Bb5 a6 4. Bxc6 dxc6 5. O-O Bg4 6. Nc3 Qf6 7. d3 Bd6 8.
Bg5 Qg6 9. Bh4 Nf6 10. Bg3 h5 11. Bxe5 Bxf3 12. Qxf3 Bxe5 0-1

[Event "AUTO-ADV-727"]
[Site "http://www.queenalice.com/game.php?id=456955"]
[Date "2008.9.1"]
[Round "3"]
[White "merlos"]
[Black "razoman"]
[Result "1-0"]
[WhiteElo "1929"]
[BlackElo "1864"]

1. d4 e6 2. c4 d5 3. cxd5 Qxd5 4. Nc3 Bb4 5. Nf3 Nf6 6. a3 Bxc3+ 7. bxc3 O-O 8.
e3 Bd7 9. Be2 Qa5 10. Bd2 Ba4 11. Qc1 Ne4 12. O-O Nxd2 13. Qxd2 Nd7 14. e4 Rad8
15. Qd3 Nc5 16. Qe3 Nb3 17. Rab1 h6 18. e5 c5 19. Qe4 Qxc3 20. d5 Bd7 21. Bd3 g6
22. Qh4 h5 23. Be4 b5 24. Qg5 Nd4 25. Nh4 Nf5 26. dxe6 Bxe6 27. Bxf5 Qxe5 28.
Nxg6 Qxf5 29. Ne7+ 1-0

[Event "AUTO-ADV-727"]
[Site "http://www.queenalice.com/game.php?id=456956"]
[Date "2008.9.1"]
[Round "3"]
[White "razoman"]
[Black "merlos"]
[Result "1-0"]
[WhiteElo "2001"]
[BlackElo "1943"]

1. e4 e5 2. Nf3 Nc6 3. Bb5 d6 4. h3 Bd7 5. Nc3 Nf6 6. O-O Be7 7. d3 O-O 8. Bg5
a6 9. Bxc6 Bxc6 10. Ne2 Nd7 11. Bxe7 Qxe7 12. Ng3 Nf6 13. Nf5 Qd7 14. Qd2 Nh5
15. Nh6+ gxh6 16. Qxh6 Nf4 17. Nh4 Qe6 18. Qg5+ Ng6 19. Nf5 f6 20. Qh6 1-0

[Event "LIGA 2006"]
[Site "http://www.queenalice.com/game.php?id=471441"]
[Date "2008.10.1"]
[Round "5"]
[White "miguel"]
[Black "merlos"]
[Result "0-1"]
[WhiteElo "1692"]
[BlackElo "1942"]

1. e4 e5 2. Nf3 Nc6 3. Bc4 Nf6 4. Nc3 Bc5 5. O-O O-O 6. d3 d6 7. h3 Bd7 8. Bg5
Bd4 9. Qd2 Na5 10. Nd5 Nxc4 11. dxc4 Nxe4 12. Bxd8 Nxd2 13. Nxd2 Raxd8 14. Nxc7
Bxb2 15. Rab1 Bd4 16. Rxb7 Rb8 17. Rxb8 Rxb8 18. Re1 Rb2 19. Nf3 Bc5 20. Na6 f6
21. Rd1 Be6 22. Nxc5 dxc5 23. Rd6 Bxc4 24. Rc6 Rxa2 25. Rxc5 Be6 26. c4 a5 27.
Rc6 Kf7 28. c5 a4 29. Ra6 a3 30. c6 Ra1+ 31. Kh2 a2 32. c7 Rc1 0-1

[Event "AUTO-OPEN-1521"]
[Site "http://www.queenalice.com/game.php?id=574699"]
[Date "2009.4.20"]
[Round "1"]
[White "marcobianchi"]
[Black "merlos"]
[Result "1-0"]
[WhiteElo "1985"]
[BlackElo "1953"]

1. d4 d5 2. c4 c6 3. Nc3 Nf6 4. Nf3 Bg4 5. Qb3 Bxf3 6. exf3 e6 7. Qxb7 Nbd7 8.
Qxc6 Bb4 9. Qa4 Bxc3+ 10. bxc3 O-O 11. Ba3 Re8 12. c5 e5 13. Kd2 Qc7 14. Bb5 a6
15. Bxd7 Nxd7 16. Rhe1 Rac8 17. Rac1 Re6 18. Rb1 a5 19. Qc2 1-0

[Event "AUTO-OPEN-1521"]
[Site "http://www.queenalice.com/game.php?id=574700"]
[Date "2009.4.20"]
[Round "1"]
[White "merlos"]
[Black "marcobianchi"]
[Result "0-1"]
[WhiteElo "1969"]
[BlackElo "1969"]

1. d4 Nf6 2. Nf3 g6 3. Bg5 Bg7 4. e3 O-O 5. Bxf6 Bxf6 6. Bd3 d5 7. O-O Nc6 8. c4
Nb4 9. cxd5 Nxd3 10. Qxd3 Qxd5 11. Nc3 Qa5 12. e4 Bg4 13. e5 Bg7 14. Qe4 Bxf3
15. Qxf3 c6 16. Rad1 Rad8 17. Qe4 Rd7 0-1

[Event "AUTO-OPEN-1521"]
[Site "http://www.queenalice.com/game.php?id=574727"]
[Date "2009.4.20"]
[Round "1"]
[White "merlos"]
[Black "ButchCassidy"]
[Result "1-0"]
[WhiteElo "1953"]
[BlackElo "1668"]

1. d4 d5 2. Nc3 Nf6 3. Bg5 Bf5 4. Bxf6 exf6 5. Nf3 Bb4 6. e3 O-O 7. Bd3 Bxd3 8.
Qxd3 Nc6 9. O-O Bxc3 10. Qxc3 Qd7 11. Qb3 Na5 12. Qb4 b6 13. Qc3 Nc4 14. b3 Na3
15. Qd3 f5 16. Ng5 g6 17. c4 dxc4 18. bxc4 Qe7 19. Nf3 Qb4 20. Rac1 c5 21. Rc3
b5 22. Rxa3 bxc4 23. Qc3 Qxc3 24. Rxc3 cxd4 25. exd4 Rac8 26. Rfc1 h6 27. Rxc4
Rxc4 28. Rxc4 g5 29. d5 g4 30. Ne5 h5 31. f4 Rd8 32. Rd4 a5 33. a4 f6 34. Nc6
1-0

[Event "AUTO-OPEN-1521"]
[Site "http://www.queenalice.com/game.php?id=574728"]
[Date "2009.4.20"]
[Round "1"]
[White "ButchCassidy"]
[Black "merlos"]
[Result "0-1"]
[WhiteElo "1626"]
[BlackElo "1950"]

1. e4 e5 2. Nf3 Nf6 3. Nc3 Bb4 4. Bb5 Bxc3 5. bxc3 c6 6. Bc4 d5 7. exd5 cxd5 8.
Bb5+ Bd7 9. Bxd7+ Nbxd7 10. O-O O-O 11. Ba3 Re8 12. d4 e4 13. Ng5 Nb6 14. Qd2
Ng4 15. f3 e3 16. Qd3 Qxg5 17. fxg4 Nc4 18. Bc1 Qxg4 19. Rf3 e2 20. Bf4 e1=Q+
21. Rxe1 Rxe1+ 22. Kf2 Rae8 23. h3 R8e2+ 24. Qxe2 Rxe2+ 25. Kxe2 Qxg2+ 26. Rf2
Qxh3 27. Rh2 Qg4+ 0-1

[Event "AUTO-OPEN-1521"]
[Site "http://www.queenalice.com/game.php?id=574729"]
[Date "2009.4.20"]
[Round "1"]
[White "merlos"]
[Black "oochessoo"]
[Result "0-1"]
[WhiteElo "1938"]
[BlackElo "2094"]

1. d4 d5 2. c4 c6 3. Nf3 Nf6 4. Bg5 dxc4 5. Bxf6 exf6 6. e4 Bb4+ 7. Nc3 b5 8. a3
Ba5 9. Be2 O-O 10. O-O Re8 11. Qc2 a6 12. Rfd1 Ra7 13. d5 Bxc3 14. bxc3 cxd5 15.
Rxd5 Qe7 16. e5 Rd7 17. Rad1 Rxd5 18. Rxd5 Bb7 19. exf6 gxf6 20. Rd2 Qxa3 21.
Rd1 Qe7 22. Nd4 Nc6 23. Bf1 Nxd4 24. Rxd4 Rd8 0-1

[Event "AUTO-OPEN-1521"]
[Site "http://www.queenalice.com/game.php?id=574730"]
[Date "2009.4.20"]
[Round "1"]
[White "oochessoo"]
[Black "merlos"]
[Result "1-0"]
[WhiteElo "2106"]
[BlackElo "1938"]

1. d4 d5 2. c4 e6 3. Nc3 Bb4 4. cxd5 Bxc3+ 5. bxc3 exd5 6. Nf3 Nf6 7. Ba3 Bg4 8.
Qb3 b6 9. Ne5 Be6 10. e3 a6 11. c4 c6 12. cxd5 cxd5 13. Rc1 Bd7 14. Bd6 Be6 15.
Bc7 Qe7 16. Bxb6 O-O 17. Bc5 Qc7 18. Ba3 Qa5+ 19. Bb4 Qd8 20. Bxf8 Qxf8 21. Bd3
Nbd7 22. Nc6 Ne4 23. Rc2 1-0

[Event "QA-ANNIV-05"]
[Site "http://www.queenalice.com/game.php?id=604260"]
[Date "2009.6.15"]
[Round "1"]
[White "merlos"]
[Black "testouverture"]
[Result "1/2-1/2"]
[WhiteElo "1958"]
[BlackElo "2238"]

1. d4 d5 2. Nf3 Nf6 3. Bg5 Ne4 4. e3 Nxg5 5. Nxg5 e5 6. Nf3 e4 7. Ne5 Bd6 8. c4
Nc6 9. Nxc6 bxc6 10. c5 Be7 11. Be2 Rb8 12. Qc2 O-O 13. O-O f5 14. f4 g5 15. Qc3
Qe8 16. Na3 Qg6 17. Nc2 Kh8 18. b4 gxf4 19. Rxf4 Rg8 20. Bf1 Ba6 21. Rf2 Bh4 22.
Rd2 Bc8 23. Qa3 Qh6 24. g3 Bg5 25. Kh1 a6 26. Re1 Bd8 27. Rg2 Ra8 28. Qc3 Bf6
29. a4 Bd7 30. Be2 Rg7 1/2-1/2

[Event "Cuti"]
[Site "http://www.queenalice.com/game.php?id=610293"]
[Date "2009.6.28"]
[Round "1"]
[White "elmo"]
[Black "merlos"]
[Result "1-0"]
[WhiteElo "1788"]
[BlackElo "1938"]

1. e4 e5 2. Nf3 Nc6 3. Bb5 a6 4. Ba4 Nf6 5. Nc3 Bb4 6. d3 b5 7. Bb3 d5 8. Bd2
dxe4 9. Nxe4 Bxd2+ 10. Nfxd2 O-O 11. O-O Nd4 12. Nxf6+ Qxf6 13. Bd5 1-0

[Event "AUTO-ADV-2738"]
[Site "http://www.queenalice.com/game.php?id=1144447"]
[Date "2013.1.23"]
[Round "1"]
[White "jgfmelo"]
[Black "merlos"]
[Result "0-1"]
[WhiteElo "1791"]
[BlackElo "1963"]

1. e4 e5 2. Nf3 Nc6 3. Bc4 Nf6 4. d4 Bb4+ 5. c3 Ba5 6. b4 Bb6 7. a4 a5 8. b5 Ne7
9. Ng5 d5 10. exd5 exd4 11. d6 Ned5 12. dxc7 Qxc7 13. Qe2+ Qe7 14. Qxe7+ Kxe7
15. Ba3+ Kd7 16. O-O Kc7 17. Nxf7 Re8 18. Bd6+ Kd7 19. Bg3 dxc3 20. Ne5+ Ke7 21.
Re1 Kf8 22. Ra3 c2 23. Nc3 Bc5 24. Ra2 Nxc3 25. Rxc2 Nce4 26. Nd3 Bd4 27. Bh4
Bf5 28. Kf1 Rac8 29. Bxf6 Bxf6 30. Nf4 Rxc4 31. Rce2 Bc3 32. Rd1 Bb4 33. Nd5 Rd8
34. f3 Rxd5 35. Rxd5 Rc1+ 36. Re1 Rxe1# 0-1

[Event "AUTO-ADV-2738"]
[Site "http://www.queenalice.com/game.php?id=1144448"]
[Date "2013.1.23"]
[Round "1"]
[White "merlos"]
[Black "jgfmelo"]
[Result "1-0"]
[WhiteElo "1947"]
[BlackElo "1738"]

1. e4 e5 2. Nf3 d6 3. Bc4 f6 4. O-O Nh6 5. Nc3 g5 6. d3 Bg7 7. d4 Bg4 8. dxe5
fxe5 9. Qd3 Bf6 10. Nd5 Nd7 11. Nxf6+ Qxf6 12. Bxg5 Qg7 13. Bxh6 Qxh6 14. h3 Bh5
15. Nd2 O-O-O 16. a4 Nc5 17. Qc3 Rd7 18. a5 a6 19. b4 Ne6 20. b5 axb5 21. Bxb5
c6 22. a6 bxa6 23. Qxc6+ Rc7 24. Qa8# 1-0

[Event "AUTO-ADV-2738"]
[Site "http://www.queenalice.com/game.php?id=1144461"]
[Date "2013.1.23"]
[Round "1"]
[White "waldi"]
[Black "merlos"]
[Result "1-0"]
[WhiteElo "1889"]
[BlackElo "1972"]

1. d4 d5 2. c4 c6 3. Nc3 Nf6 4. Bg5 Bf5 5. Nf3 dxc4 6. e3 b5 7. a4 a6 8. axb5
cxb5 9. Nxb5 Nc6 10. Nc3 Qb8 11. Qd2 Nb4 12. Rc1 Bd3 13. Ne5 Qb7 14. Nxd3 Nxd3+
15. Bxd3 cxd3 16. O-O Ne4 17. Nxe4 Qxe4 18. f3 Qf5 19. Qc3 Qb5 20. Bf4 e6 21.
Rfd1 Be7 22. Qc6+ Qxc6 23. Rxc6 O-O 24. Rxd3 1-0

[Event "AUTO-ADV-2738"]
[Site "http://www.queenalice.com/game.php?id=1144462"]
[Date "2013.1.23"]
[Round "1"]
[White "merlos"]
[Black "waldi"]
[Result "0-1"]
[WhiteElo "1953"]
[BlackElo "1908"]

1. d4 c6 2. Nf3 d5 3. Bf4 Nd7 4. e3 Ngf6 5. Bd3 Qa5+ 6. Nc3 Qb6 7. Rb1 e6 8. O-O
Be7 9. Na4 Qb4 10. c3 Qa5 11. b4 Qd8 12. Nc5 O-O 13. Ne5 b6 14. Nxc6 Qe8 15. Na6
Bxa6 16. Bxa6 Ne4 17. Bb7 Nxc3 18. Qd3 Nxb1 19. Bxa8 Qxa8 20. Nxe7+ Kh8 21. b5
a6 22. Qxb1 Nb8 23. Qb4 Re8 24. Qa3 a5 25. Rc1 Nd7 26. Qd6 Qd8 27. Nc6 Qc8 28.
e4 dxe4 0-1

[Event "AUTO-ADV-2738"]
[Site "http://www.queenalice.com/game.php?id=1144469"]
[Date "2013.1.23"]
[Round "1"]
[White "vult0"]
[Black "merlos"]
[Result "0-1"]
[WhiteElo "1756"]
[BlackElo "1955"]

1. e4 e5 2. Nf3 Nc6 3. Bc4 Nf6 4. d3 Bb4+ 5. c3 Bc5 6. h3 O-O 7. Bg5 d6 8. Nbd2
h6 9. Bh4 a5 10. O-O Rb8 11. a4 Qe7 12. Re1 Be6 13. Bxe6 Qxe6 14. Nc4 Rfd8 15.
Qd2 Nd7 16. Bxd8 Rxd8 17. Nh4 Nb6 18. Ne3 d5 19. Qc2 dxe4 20. dxe4 Bxe3 21. Rxe3
Nc4 22. Rg3 Rd2 23. Qc1 Re2 0-1

[Event "AUTO-ADV-2738"]
[Site "http://www.queenalice.com/game.php?id=1144470"]
[Date "2013.1.23"]
[Round "1"]
[White "merlos"]
[Black "vult0"]
[Result "1-0"]
[WhiteElo "1936"]
[BlackElo "1815"]

1. d4 d5 2. Bf4 e6 3. Nf3 Nc6 4. Nc3 Bb4 5. e3 Nf6 6. Bd3 Bd7 7. O-O Bd6 8. Bxd6
cxd6 9. Ne2 e5 10. Bb5 Qe7 11. Nc3 e4 12. Nd2 O-O 13. Be2 a6 14. f3 exf3 15.
Rxf3 Rae8 16. Qe1 Na5 17. Qh4 Be6 18. Bd3 g6 19. Rxf6 Kg7 20. Raf1 b5 21. e4
dxe4 22. Ndxe4 Nc4 23. Ng5 h5 24. Nxe6+ 1-0